Statistiken für Marvel Superhelden aus "Avengers-Infinity War"

Klicken Sie hier um das Quiz zu spielen!

Allgemein

  • Dieses Quiz wurde 1.967 mal gespielt
  • Das Durchschnittsergebnis liegt bei 18 aus 29

Antwortstatistiken

HintAntwort% Korrekt
Iron Man
99%
Hulk
92%
Spider-Man
92%
Thor
92%
Captain America
91%
Black Widow
89%
BösewichtThanos
89%
Black Panther
80%
Gamora
80%
Groot
80%
Doctor Strange
77%
Star-Lord
77%
Rocket
74%
Vision
70%
BösewichtLoki
68%
Nebula
66%
Drax
59%
Scarlet Witch
56%
Falcon
55%
Winter Soldier
55%
Mantis
44%
War Machine
37%
Wong
36%
Shuri
33%
Okoye
25%
Heimdall
17%
M'Baku
10%
Kinder von ThanosBlack Order
8%
The Collector
7%

Verteilung der Resultate

Perzentil nach korrekt beantworteten Fragen

Anzahl Personen mit jedem Resultat

Ihre Resultats-Entwicklung

Sie haben dieses Quiz noch nicht gespielt